4 to 13 letters - Statistics

General Stats
  • This quiz has been taken 41 times
  • The average score is 7 of 10
Answer Stats
hint Answer % Correct
Capital city of Portugal(6) lisbon
97%
South American capital city(4) lima
95%
Landlocked country between Austria and Switzerland(13) Liechtenstein
87%
Landlocked country bordering France(10) luxembourg
84%
Country in the Baltic States(9) lithuania
76%
Enclaved country in Africa(7) lesotho
71%
Largest island in the Philippines(5) luzon
68%
Structure that crosses the River Thames (two words)(12) london bridge
63%
Capital city of Malawi(8) lilongwe
42%
German state bordering the Netherlands (two words)(11) lower saxony
16%
No matching quizzes found
Score Distribution
Percent of People with Each Score
Percentile by Number Answered
Your Score History
You have not taken this quiz